The dependency syndrome of inclusion: Women in panchayats: Evidence from a randomised survey of Bihar (Record no. 109771)

000 -LEADER
fixed length control field 01871pab a2200181 454500
008 - FIXED-LENGTH DATA ELEMENTS--GENERAL INFORMATION
fixed length control field 180718b2015 xxu||||| |||| 00| 0 eng d
100 ## - MAIN ENTRY--PERSONAL NAME
Personal name Tiwari, Nupur
245 ## - TITLE STATEMENT
Title The dependency syndrome of inclusion: Women in panchayats: Evidence from a randomised survey of Bihar
260 ## - PUBLICATION, DISTRIBUTION, ETC.
Date of publication, distribution, etc. 2015
300 ## - PHYSICAL DESCRIPTION
Extent p.658-669.
362 ## - DATES OF PUBLICATION AND/OR SEQUENTIAL DESIGNATION
Dates of publication and/or sequential designation Oct-Dec
520 ## - SUMMARY, ETC.
Summary, etc. This article summarises some of the findings of a sample survey of Bihar on The impact of Political Reservations on Quality of Participation of Elected Women's Representatives. It is a part of the IDRC-NCAER1 research programme on decentralisation and rural development. Using a data set collected from six districts across north Bihar, i.e. Sitamarhi, East Champaran, Katihar, Muzaffarpur, Purnia, and Supaul, it has tried to answer some questions related to the actual participation of elected women representatives in Gram Sabha meetings, issues they raised during those meetings, the type of development work they undertook, their role in increasing women's participation, their interface with officials and stakeholders, their interaction with local people across social categories, their awareness of health and education related facilities and issues, the identification of beneficiaries, and so forth. The present decision-making procedures do not allow a greater participation of women and the very absence of women at these levels thus leads to preservation and reinforcement of male-oriented and malebenefiting types of decisions. Women's low self-esteem at the household level and their new role in local politics where they are now expected to function as leader creates a contradiction. - Reproduced.
650 ## - SUBJECT ADDED ENTRY--TOPICAL TERM
Topical term or geographic name entry element Panchayat - India - Bihar
650 ## - SUBJECT ADDED ENTRY--TOPICAL TERM
Topical term or geographic name entry element Women in politics - India - Bihar
650 ## - SUBJECT ADDED ENTRY--TOPICAL TERM
Topical term or geographic name entry element Women in politics
773 ## - HOST ITEM ENTRY
Main entry heading Indian Journal of Public Administration
909 ## -
-- 109776
Holdings
Withdrawn status Lost status Damaged status Not for loan Permanent Location Current Location Date acquired Serial Enumeration / chronology Barcode Date last seen Price effective from Koha item type
        Indian Institute of Public Administration Indian Institute of Public Administration 2018-07-19 Volume no: 61, Issue no: 4 AR110236 2018-07-19 2018-07-19 Articles

Powered by Koha